000 00763nam a2200193Ii 4500
003 JO-AjNU
008 230606s9999||||xx |||||||||||||| ||und||
040 _aJO-AjNU
_beng
_erda
_cJO-AjNU
041 _aeng
050 1 4 _aQA76 2015
100 3 _apreparation Alomari,Hassan Ammar Almomani and Emran Shatnawi, Supervisor Mohammed Bani Younis ,
_eauthor
_96053
245 0 0 _aUniversity support System Ajloun national private University
264 3 1 _aAjIoun: AjIoun National University, 2015
300 _a30p
_b Graduation project, AjIoun National University, 2015
336 _atext
_btxt
_2rdacontent
337 _aunmediated
_bn
_2rdamedia
338 _avolume
_bnc
_2rdacarrier
650 4 _aUniversity support System Ajloun national private University
_96054
999 _aE3140
_c3137
_d3137